| 000 | 00827nam a2200193 i 4500 | ||
|---|---|---|---|
| 001 | 166153 | ||
| 003 | ES-MaACL | ||
| 005 | 20250815013654.0 | ||
| 008 | 050908s1893 sp |||| | spa d | ||
| 100 | 1 |
_aTerán, Luis de, _d1864-1935 _9109725 |
|
| 245 | 1 | 0 |
_aClaro-oscuro _b: ensayo de novela / _cpor Luis de Terán ; con una carta de José María de Pereda. |
| 260 |
_aBilbao : _b[s.n.], _c1893 ( _fEstab. Tip. de la Viuda de E. Calle) |
||
| 300 |
_a227 p. ; _c22 cm. |
||
| 530 | _aDisponible en formato digital. | ||
| 700 | 1 |
_aPereda, José María de, _d1833-1906 _990447 |
|
| 852 |
_aES-MaACL _jG-12714 _z- Enc. hol., conservando la cub. original _z. - Dedicatoria autógrafa del autor |
||
| 856 |
_uhttp://bdh-rd.bne.es/viewer.vm?id=0000206743&page=1 _zBiblioteca Digital Hispánica |
||
| 999 |
_c166153 _d166153 |
||